000
00226nam a22000977a 4500
999
_c
263527
_d
263526
020
_a
9780064400589
100
_a
Jean Craighead George
245
_a
Julie of the wolves
260
_a
New York
_b
HarperCollins
_c
1972
942
_c
BK